Регионална библиотека "Любен Каравелов" - Русе

Учебен турско-български фразеологичен речник (Запис номер 148491)

MARC детайли
000 -Лидер
Контролно поле с фиксирана дължина nam a22 a 4500
003 - Код на организацията, давaща контролен номер
Контролно поле BLK
005 - Дата и час на последна редакция
Контролно поле 20230328161047.0
008 - Елементи от данни с фиксирана дължина
fixed length control field 180410b bul|||||r ||||||| ||bul||
010 ## - Наследен системен номер
LC control number KNG00154714000
040 ## - Източник на каталожния запис
Идентификатор на билиотеката - собственик на записа BLK
041 ## - Код за език
Код за езика на текст/звукозапис или на отделно заглавие Турски
Код за езика КДБФ Други
Други езици Български
080 ## - УДК
Текстов определител УДК Лексикология. Езикови речници и разговорници. Лексикография
УДК код - определител по УДК 81`374
УДК определител =512.161=163.2
УДК - код + определител 81`374=512.161=163.2
080 ## - УДК
Текстов определител УДК Турски език
УДК код - определител по УДК 811.512.161
УДК определител -318
УДК - код + определител 811.512.161-318
080 ## - УДК
Текстов определител УДК Български език
УДК код - определител по УДК 811.163.2
УДК определител -318
УДК - код + определител 811.163.2-318
139 ## - Редно поле
Редна дума Самарджиева, Вера Иванова
Авторски знак Сам - С 16
245 10 - Сведения за заглавието
Заглавие Учебен турско-български фразеологичен речник
Редно поле (дума) състав. Вера Иванова Самарджиева.
257 ## - Страна на издаване
Страна на създаване/издаване България
260 ## - Област на издателските данни
Място на издаване, разпространение и проч. София
Име на издателя, разпространителя и проч. Унив. изд. Св. Климент Охридски
Година на издаване 1992
300 ## - Физическа характеристика
Страници 594 с.
Размери/Мащаб 21 см
380 ## - Жанр
Жанр Езикознание. Филология
650 #4 - Допълнително описание по предмет – тема
Основно описание – тема или топоним Турски език - речници, турско-български, фразеологични
9 (RLIN) 330041
653 ## - Ключова дума – ненормативна
Ключова дума турски език
653 ## - Ключова дума – ненормативна
Ключова дума турско-български речници
653 ## - Ключова дума – ненормативна
Ключова дума фразеологични речници
700 1# - Други автори (авторска отговорност)
Лично име Самарджиева, Вера Иванова
Автороска отговорност (Описва отношението между автора и произведението) състав.
9 (RLIN) 321601
852 ## - Местоположение
Форматна сигнатура Цб 171452
Фондова буква Хранилище
856 4# - Електронен адрес и достъп
Електронен формат pdf - файл
Инструкция (цена за достъп) 0.00
Права за достъп disable
856 4# - Електронен адрес и достъп
Електронен формат pdf - файл
Инструкция (цена за достъп) 0.00
Права за достъп disable
999 ## - СИСТЕМНИ КОНТРОЛНИ НОМЕРА
Koha biblionumber 148491
Koha biblioitemnumber 148491
942 ## - АРТИКУЛИ
Вид на библиотечния материал Книги
Скрит в OPAC Не
Периодичен библиозапис Да
944 ## - СЪЗДАВАНЕ И РЕДАКЦИЯ на ЗАПИСА
Създаване/Редакция Създаване
Дата на регистрацията/редакция 13.12.2013
Служител, извършил регистрацията/редакцията Теодора_Стоянова
944 ## - СЪЗДАВАНЕ И РЕДАКЦИЯ на ЗАПИСА
Създаване/Редакция Редакция
Дата на регистрацията/редакция 13.12.2013
999 ## - СИСТЕМНИ КОНТРОЛНИ НОМЕРА
Koha biblioitemnumber 148491
999 ## - СИСТЕМНИ КОНТРОЛНИ НОМЕРА
Koha biblioitemnumber 148491
999 ## - СИСТЕМНИ КОНТРОЛНИ НОМЕРА
Koha biblioitemnumber 148491
999 ## - СИСТЕМНИ КОНТРОЛНИ НОМЕРА
Koha biblioitemnumber 148491
Наличности
Код за отписване Код за изгубен артикул Код за повреда Коз за рестрикции Код за отдаване Артикулен № Име на библиотеката - собственик Име на библиотеката, в която се намира в момента Статус (Текущо местоположение) Дата на вписване в системата Местоположение - отдел Цена в лева Инвентарен номер Систематично азбучна сигнатура Баркод Номер на екземпляра Цена в евро Служебна бележка Служебен тип на артикула Източник на класификационната схема
  Не е изгубен Не е повреден без рестрикции ползва се в читалня 247040 Регионална библиотека "Любен Каравелов" Русе Регионална библиотека "Любен Каравелов" Русе Читалня 3 - справочен фонд 1992-01-01 Читалня 3 - справочен фонд 0.00 578232 С3/801.323.2/С 16 578232 1 0.00 Дост: Pk Вид: Ф N: стар фонд Дата: 01.01.1992 Дата инв: 13.06.2017 Бележки инв: С32017 Книги  
  Не е изгубен Не е повреден без рестрикции ползва се в читалня 247041 Регионална библиотека "Любен Каравелов" Русе Регионална библиотека "Любен Каравелов" Русе Хранилище 1992-01-01 Хранилище 58.20 570596 Цб 171452 120000570596 2 29.76 Дост: Dp Вид: Д N: стар фонд Дата: 01.01.1992 Книги Universal Decimal Classification
Vip Innovations Ltd, Rousse, Bulgaria 2025